| 000 | 01403naa a2200301 c 4500 | ||
|---|---|---|---|
| 999 |
_c49757 _d49757 |
||
| 001 | 49757 | ||
| 003 | ES-MaCES | ||
| 005 | 20170725125740.0 | ||
| 008 | 170725s2017 sp ||||| t||||||| ||spa d | ||
| 040 |
_aES-MaCES _bspa _cES-MaCES _dES-MaCES |
||
| 100 |
_938435 _aRomero Ródenas, Josefa |
||
| 245 | 1 | 0 |
_aLuces y sombras de la reforma del Sistema Nacional de la Garantía Juvenil en España a través del Real Decreto Ley 6/2016, de 23 de diciembre _cJosefa Romero Ródenas, Juan Luís García Rios |
| 610 | 4 |
_938436 _aEspaña _tReal Decreto-Ley de medidas urgentes para el impulso del Sistema Nacional de Garantía Juvenil _d2016 |
|
| 650 | 4 |
_928292 _amercado de trabajo |
|
| 650 | 4 |
_929087 _ainiciación al trabajo |
|
| 650 | 4 |
_929447 _atransición a la vida profesional |
|
| 650 | 4 |
_929982 _aempleo de jóvenes |
|
| 650 | 4 |
_928300 _apolítica de empleo |
|
| 650 | 4 |
_930270 _afomento del empleo |
|
| 650 | 4 |
_927165 _aderecho del trabajo |
|
| 650 | 4 |
_927166 _alegislación del trabajo |
|
| 650 | 4 |
_929892 _areforma legislativa |
|
| 653 | 1 | 0 | _aDerecho del trabajo y Seguridad Social |
| 700 | 1 |
_937450 _aGarcía Ríos, Juan Luis |
|
| 773 | 0 |
_986122 _dAlbacete (Concepción, 12, 2º izda., 02002) Bomarzo 1998- _o089020 _tRevista de derecho social _w(ES-MaCES)25695 _gn. 77 (en.-marzo 2017) {10693 R. 089020} ;p. 61-82 |
|
| 902 | _aART Artículo de revista | ||
| 942 |
_2CES _cAR _h6.0.1. |
||